000
00333nam a22001457a 4500
008
240206b ||||| |||| 00| 0 eng d
020
_a
9780071445733
041
_a
eng
080
_2
2005
_a
615
082
_a
615TOY
100
_a
13
101
_a
FARMAKOLOGJI
245
_a
CASE FILES PHARMACOLOGY
_c
EUGENE.C.TOY
942
_2
udc
_c
BK
999
_c
60587
_d
60587